Online
Catalog

Jurisprudencia dominicana 1960 - 1976 / (Record no. 9078)

MARC details
000 -CABECERA
campo de control de longitud fija 01332nam a2200337 i 4500
001 - NÚMERO DE CONTROL
campo de control 000009318
003 - IDENTIFICADOR DEL NÚMERO DE CONTROL
campo de control DO-SdBNP
005 - FECHA Y HORA DE LA ÚLTIMA TRANSACCIÓN
campo de control 20260505150358.0
007 - CAMPO FIJO DE DESCRIPCIÓN FÍSICA--INFORMACIÓN GENERAL
campo de control de longitud fija ta
008 - DATOS DE LONGITUD FIJA--INFORMACIÓN GENERAL
campo de control de longitud fija 090929s1977 dr r 001 0 spa d
040 ## - FUENTE DE LA CATALOGACIÓN
Centro catalogador/agencia de origen DO-SdBNP
Lengua de catalogación spa
Centro/agencia transcriptor BNPHU
Normas de descripción rda
041 ## - CÓDIGO DE LENGUA
Código de lengua del texto/banda sonora o título independiente spa
082 #4 - NÚMERO DE LA CLASIFICACIÓN DECIMAL DEWEY
Número de clasificación 348.7293
Número de documento/Ítem M149j
Número de edición 22
100 1# - ENTRADA PRINCIPAL--NOMBRE DE PERSONA
Nombre de persona Machado, Pablo Antonio
9 (RLIN) 24057
Código de función/relación aut.
Término indicativo de función/relación autor
245 10 - MENCIÓN DE TÍTULO
Título Jurisprudencia dominicana 1960 - 1976 /
Mención de responsabilidad, etc. Pablo A. Machado ; prólogo, Jottín Cury ; edición, Eridania Mir.
260 ## - PUBLICACIÓN, DISTRIBUCIÓN, ETC.
Lugar de publicación, distribución, etc. Santo Domingo :
Nombre del editor, distribuidor, etc. Publicaciones de la Universidad Autónoma de Santo Domingo,
Fecha de publicación, distribución, etc. 1977.
Fabricante Taller
300 ## - DESCRIPCIÓN FÍSICA
Extensión volúmenes ;
Dimensiones 24 cm.
336 ## - TIPO DE CONTENIDO
Término de tipo de contenido texto
Código de tipo de contenido txt
Fuente rdacontent
337 ## - TIPO DE MEDIO
Nombre/término del tipo de medio sin mediación
Código del tipo de medio n
Fuente rdamedia
338 ## - TIPO DE SOPORTE
Nombre/término del tipo de soporte volumen
Código del tipo de soporte nc
Fuente rdacarrier
490 0# - MENCIÓN DE SERIE
Mención de serie Publicaciones de la Universidad Autónoma de Santo Domingo
Designación de volumen o secuencia 1034
500 ## - NOTA GENERAL
Nota general La biblioteca posee el volumen 1
500 ## - NOTA GENERAL
Nota general Incluye índice
505 ## - NOTA DE CONTENIDO CON FORMATO
Nota de contenido con formato v. 1. Abogado-filiación.-- v. 2. Filiación-violencias y vías de hecho.
650 #7 - PUNTO DE ACCESO ADICIONAL DE MATERIA--TÉRMINO DE MATERIA
Término de materia o nombre geográfico como elemento de entrada Jurisprudencia
Subdivisión general Recopilaciones, repertorios, etc.
Subdivisión geográfica República Dominicana
9 (RLIN) 19125
651 #7 - PUNTO DE ACCESO ADICIONAL DE MATERIA--NOMBRE GEOGRÁFICO
Nombre geográfico República Dominicana
Subdivisión general Legislación
Subdivisión cronológica 1960-1976
9 (RLIN) 89385
700 1# - PUNTO DE ACCESO ADICIONAL--NOMBRE DE PERSONA
Nombre de persona Cury, Jottín,
Término indicativo de función/relación pról.
9 (RLIN) 10227
700 1# - PUNTO DE ACCESO ADICIONAL--NOMBRE DE PERSONA
Nombre de persona Mir, Eridania,
Término indicativo de función/relación ed.
9 (RLIN) 10197
910 ## - DATOS DE OPCIÓN DEL USUARIO (OCLC)
Datos de opción del usuario Validado. Control de calidad MFF
942 ## - ELEMENTOS DE PUNTO DE ACCESO ADICIONAL (KOHA)
Fuente del sistema de clasificación o colocación Dewey Decimal Classification
Tipo de ítem Koha Libro
Holdings
Estado de retiro Estado de pérdida Fuente del sistema de clasificación o colocación Restricciones de uso No para préstamo Código de colección Localización permanente Ubicación/localización actual Ubicación en estantería Fecha de adquisición Total de préstamos Signatura topográfica completa Código de barras Fecha visto por última vez Número de copia Precio válido a partir de Tipo de ítem Koha Fuente de adquisición
    Dewey Decimal Classification Excluido de préstamo   Patrimonio Dominicano Biblioteca Nacional Pedro Henríquez Ureña Biblioteca Nacional Pedro Henríquez Ureña Depósito 29.09.2009   BNPHU PD 348.7293 M149j 1960-1976 9318-10 25.06.2020 v.1 25.06.2020 Libro  
    Dewey Decimal Classification Excluido de préstamo   Patrimonio Dominicano Biblioteca Nacional Pedro Henríquez Ureña Biblioteca Nacional Pedro Henríquez Ureña Depósito 06.08.2018   BNPHU PD 348.7293 M149j 1960-1976 9318-20 25.06.2020 v.1, e.2 25.06.2020 Libro  
    Dewey Decimal Classification Préstamo en sala   Dominicana de Servicio Biblioteca Nacional Pedro Henríquez Ureña Biblioteca Nacional Pedro Henríquez Ureña Depósito 06.05.2026   BNPHU DS 348.7293 M149j 1960-1976 2026-3573 06.05.2026 v.1, e.3 06.05.2026 Libro Donado por Poder Judicial

Powered by Koha